Born in the UK, Who am I ? - Statistics

General Stats
  • This quiz has been taken 120 times
  • The average score is 9 of 15
Answer Stats
Date of Birth Place of Birth Name of Person Occupation % Correct
October 1940 Liverpool, England John {Lennon} Singer / Songwriter
96%
April 1564 Stratford, England William {Shakespeare} Poet / Playwright
93%
November 1874 Blenheim, England Winston {Churchill} Politician
91%
October 1925 Grantham, England Margaret {Thatcher} Politician
87%
May 1819 London, England Queen {Victoria} Royalty
86%
January 1985 Stevenage, England Lewis {Hamilton} Racing Driver
68%
December 1941 Govan, Scotland Alex {Ferguson} Sports Manager
60%
September 1916 Llandaff, Wales Roald {Dahl} Author
60%
July 1950 Blackheath, England Richard {Branson} Entrepreneur
59%
June 1974 London, England Bear {Grylls} Survivalist / Adventurer
58%
c 1552 East Budleigh, England Walter {Raleigh} Explorer / Spy
50%
January 1946 Nottingham, England Harold {Shipman} Doctor / Serial Killer
38%
March 1950 Rutherglen, Scotland Robbie {Coltrane} Actor / Half-Giant
38%
August 1958 Derry, N.Ireland Feargal {Sharkey} Singer
23%
August 1757 Eskdale, Scotland Thomas {Telford} Civil Engineer
11%
No matching quizzes found
Score Distribution
Percent of People with Each Score
Percentile by Number Answered
Your Score History
You have not taken this quiz